000 00441nam a2200169Ia 4500
008 230711s9999||||xx |||||||||||||| ||und||
020 _a978-81-265-5585-7
041 _aENG
082 _a5.4
_bNE-L
100 _aNegus,Christopher
245 0 _aLinux BIBLE : The comprehensive tutorial resource
250 _a9th Ed.
260 _c2015
_aNew Delhi
_bWiley India Pvt.Ltd
300 _a859p.
650 _aComputer Engineering
942 _cBK
999 _c6381
_d6381